00000000nam 2200000zi 4500
0019.951998
003CaOODSP
00520250718113126
006m     o  d f      
007cr mn|||||||||
008250605e20250718onc     o    f000 0 eng d
020 |a9780660777085
040 |aCaOODSP|beng|erda|cCaOODSP
043 |an-cn---
0861 |aCS462-60002/2025-1E-PDF
24500|aNational address register : |buser guide.
250 |a[July 18, 2025 edition].
264 1|a[Ottawa] : |bStatistics Canada = Statistique Canada, |cJuly 18, 2025.
264 4|c©2025
300 |a1 online resource (6 unnumbered pages)
336 |atext|btxt|2rdacontent
337 |acomputer|bc|2rdamedia
338 |aonline resource|bcr|2rdacarrier
500 |aIssued also in French under title: Registre national des adresses : guide de l'utilisateur.
500 |a"Catalogue no. 46-26-0002."
520 |a"The National Address Register (NAR) sets up a standardized address structure and provides a list of valid georeferenced civic addresses in Canada. The addresses are extracted from Statistics Canada's Building Register and were validated by two independent data sources. The addresses do not disclose the identity of any of the residents or businesses at the address and as such are deemed non-confidential. …"--Summary, page [3].
650 0|aStreet addresses|zCanada|xStatistics.
7102 |aStatistics Canada, |eissuing body.
77508|tRegistre national des adresses : |w(CaOODSP)9.951999
795 |tNational address register : |b[December 20, 2024 edition]|w(CaOODSP)9.945262
85640|qPDF|s355 KB|uhttps://publications.gc.ca/collections/collection_2025/statcan/462600022025001-eng.pdf
8564 |qHTML|sN/A|uhttps://www150.statcan.gc.ca/n1/pub/46-26-0002/462600022025001-eng.htm
986 |a46-26-0002